000
00389nam a22001217a 4500
999
_c
13707
_d
13707
082
_a
954.9105
_b
خ ا ن
100
_a
خان، ایچ بی
245
_a
عہد بےنظیر بھٹومیں حقوق انسانی کی زبوں حالی
260
_a
کراچی
_b
الحمد اکادمی
_c
٢٠٠٤
300
_a
٢٠٤ صفحات
650
_a
Be Nazeer Bhutto
_a
H.B Khan
942
_c
BK